[Event "BL2-Ost 0910"]
[Site "Germany"]
[Date "2010.03.01"]
[Round "7.1"]
[White "Gavrikov, Viktor"]
[Black "Meijers, Viesturs"]
[Result "1-0"]
[WhiteElo "2516"]
[BlackElo "2471"]
[PlyCount "115"]
[EventDate "2009.10.18"]
[EventType "team-tourn"]
[EventRounds "9"]
[EventCountry "GER"]
[SourceTitle "EXT 2011"]
[Source "ChessBase"]
[SourceDate "2010.11.26"]
[SourceVersion "1"]
[SourceVersionDate "2010.11.26"]
[SourceQuality "1"]
[WhiteTeam "Plauen Koenig"]
[BlackTeam "Aue Nickelhuette"]
[WhiteTeamCountry "GER"]
[BlackTeamCountry "GER"]

1. d4 Nf6 2. c4 e6 3. Nf3 b6 4. g3 Bb7 5. Bg2 Bb4+ 6. Bd2 a5 7. 0-0 0-0 8. Bf4 Be7 9. Qc2 Be4 10. Qc1 Bb7 11. Nc3 Ne4 12. Rd1 Nxc3 13. Qxc3 d6 14. Ne1 Bxg2 15. Nxg2 Nd7 16. e4 Bg5 17. f3 h6 18. Be3 Bxe3+ 19. Qxe3 e5 20. Rac1 Qe7 21. Nh4 Qg5 22. Nf5 Qxe3+ 23. Nxe3 Rfe8 24. dxe5 Nxe5 25. Kg2 Nd7 26. Nd5 Rac8 27. g4 g6 28. Rc2 Kg7 29. Kg3 Re5 30. Ne3 Nf6 31. b3 Rb8 32. h4 Rc5 33. Rd4 Re5 34. Rd3 Rb7 35. Kf2 Rb8 36. Nd5 Rb7 37. Nc3 Rb8 38. Kg3 Rb7 39. Nb5 Nd7 40. Nd4 Re8 41. Rd1 Nc5 42. Re2 Ne6 43. Nc6 Nd8 44. Nxd8 Rxd8 45. e5 Kf8 46. exd6 Rxd6 47. Rxd6 cxd6 48. Rd2 b5 49. cxb5 Rxb5 50. Rxd6 Rc5 51. Ra6 Kg7 52. Kf4 g5+ 53. hxg5 hxg5+ 54. Ke4 f6 55. Kd4 Rb5 56. Rc6 Kg6 57. Rc5 Rb4+ 58. Ke3 1-0

[Event "BL2-Ost 0910"]
[Site "Germany"]
[Date "2010.02.07"]
[Round "6.3"]
[White "Suran, Jan"]
[Black "Gavrikov, Viktor"]
[Result "1/2-1/2"]
[WhiteElo "2381"]
[BlackElo "2516"]
[PlyCount "55"]
[EventDate "2009.10.18"]
[EventType "team-tourn"]
[EventRounds "9"]
[EventCountry "GER"]
[SourceTitle "EXT 2011"]
[Source "ChessBase"]
[SourceDate "2010.11.26"]
[SourceVersion "1"]
[SourceVersionDate "2010.11.26"]
[SourceQuality "1"]
[WhiteTeam "Passau"]
[BlackTeam "Plauen Koenig"]
[WhiteTeamCountry "GER"]
[BlackTeamCountry "GER"]

1. e4 c5 2. Nf3 d6 3. d4 Nf6 4. Nc3 cxd4 5. Nxd4 a6 6. Be2 e6 7. f4 Be7 8. 0-0 Nc6 9. Nxc6 bxc6 10. e5 Qb6+ 11. Kh1 dxe5 12. fxe5 Nd7 13. Bf4 Qxb2 14. Ne4 0-0 15. Rb1 Qxa2 16. Bd3 f5 17. exf6 gxf6 18. Nxf6+ Rxf6 19. Qe2 Rxf4 20. Rxf4 Qxb1+ 21. Rf1 Qb2 22. Bxh7+ Kxh7 23. Qh5+ Kg8 24. Qf7+ Kh8 25. Qh5+ Kg8 26. Qf7+ Kh8 27. Qh5+ Kg8 28. Qf7+ 1/2-1/2

[Event "BL2-Ost 0708"]
[Site "Germany"]
[Date "2008.04.20"]
[Round "9.1"]
[White "Wall, Gavin"]
[Black "Gavrikov, Viktor"]
[Result "0-1"]
[WhiteElo "2307"]
[BlackElo "2513"]
[PlyCount "67"]
[EventDate "2007.10.21"]
[EventType "team-tourn"]
[EventRounds "9"]
[EventCountry "GER"]
[SourceTitle "EXT 2009"]
[Source "ChessBase"]
[SourceDate "2008.11.26"]
[SourceVersion "1"]
[SourceVersionDate "2008.11.26"]
[SourceQuality "1"]
[WhiteTeam "Bindlach II"]
[BlackTeam "Koenig Plauen"]
[WhiteTeamCountry "GER"]
[BlackTeamCountry "GER"]

1. e4 c5 2. Nf3 d6 3. Bb5+ Bd7 4. a4 Nc6 5. d3 Nf6 6. 0-0 g6 7. Nbd2 Bg7 8. Nc4 d5 9. exd5 Nxd5 10. Bg5 0-0 11. Qd2 e6 12. Bh6 e5 13. Bxg7 Kxg7 14. Ra3 Qc7 15. Ne3 Nf4 16. Bc4 Ne7 17. Rb1 Bc6 18. Ne1 Rad8 19. b4 cxb4 20. Qxb4 a6 21. f3 h5 22. Kf2 h4 23. Rab3 Rd4 24. Qc5 Qd7 25. Rb4 Rc8 26. Qa7 Rc7 27. Qb8 b5 28. axb5 axb5 29. Rxb5 Bxb5 30. Qxb5 Qd8 31. g3 hxg3+ 32. hxg3 Rdxc4 33. Nxc4 Qd4+ 34. Kf1 0-1

[Event "BL2-Ost 0708"]
[Site "Germany"]
[Date "2008.01.20"]
[Round "5.1"]
[White "Meijers, Viesturs"]
[Black "Gavrikov, Viktor"]
[Result "1/2-1/2"]
[WhiteElo "2490"]
[BlackElo "2513"]
[PlyCount "110"]
[EventDate "2007.10.21"]
[EventType "team-tourn"]
[EventRounds "9"]
[EventCountry "GER"]
[SourceTitle "EXT 2009"]
[Source "ChessBase"]
[SourceDate "2008.11.26"]
[SourceVersion "1"]
[SourceVersionDate "2008.11.26"]
[SourceQuality "1"]
[WhiteTeam "Aue Nickelhuette"]
[BlackTeam "Koenig Plauen"]
[WhiteTeamCountry "GER"]
[BlackTeamCountry "GER"]

1. e4 c5 2. Nf3 d6 3. d4 Nf6 4. Nc3 cxd4 5. Nxd4 a6 6. Be2 e5 7. Nb3 Be7 8. Bg5 Be6 9. Bxf6 Bxf6 10. Qd3 Nc6 11. Nd5 Bg5 12. Rd1 Rc8 13. c3 0-0 14. h3 g6 15. 0-0 Ne7 16. Ne3 Rc6 17. Nd2 b5 18. Nf3 Bxe3 19. Qxe3 Qb6 20. Qh6 f6 21. a3 d5 22. exd5 Bxd5 23. Nh4 Rd6 24. g4 Bb3 25. Rxd6 Qxd6 26. Bf3 Rd8 27. Re1 Qd2 28. Qxd2 Rxd2 29. Bb7 Nd5 30. Bxa6 Rxb2 31. Bxb5 Nxc3 32. Bf1 Rb1 33. Rxb1 Nxb1 34. g5 Nxa3 35. gxf6 Kf7 36. Nf3 Kxf6 37. Nd2 Bd5 38. Kh2 Nc2 39. Kg3 Nd4 40. Bd3 Ne6 41. Be4 Ba2 42. Bb1 Bxb1 43. Nxb1 e4 44. Nd2 Ke5 45. Nc4+ Kd4 46. Ne3 Nc5 47. h4 h5 48. Nc2+ Kd3 49. Nb4+ Ke2 50. Nd5 Ne6 51. Ne7 g5 52. hxg5 Nxg5 53. Nf5 Nf3 54. Nd6 h4+ 55. Kh3 Nd2 1/2-1/2

[Event "Oberliga Ost-A 0607"]
[Site "Germany"]
[Date "2007.04.21"]
[Round "10.1"]
[White "Proehl, Holger"]
[Black "Gavrikov, Viktor"]
[Result "1/2-1/2"]
[WhiteElo "2408"]
[BlackElo "2510"]
[PlyCount "24"]
[EventDate "2006.10.15"]
[EventType "team-tourn"]
[EventRounds "11"]
[EventCountry "GER"]
[SourceTitle "EXT 2008"]
[Source "ChessBase"]
[SourceDate "2007.11.25"]
[SourceVersion "1"]
[SourceVersionDate "2007.11.25"]
[SourceQuality "1"]
[WhiteTeam "Loeberitz"]
[BlackTeam "Plauen Koenig"]
[WhiteTeamCountry "GER"]
[BlackTeamCountry "GER"]

1. e4 c6 2. d4 d5 3. Nd2 dxe4 4. Nxe4 Bf5 5. Ng3 Bg6 6. Nf3 Nd7 7. Bd3 Ngf6 8. 0-0 e6 9. Re1 Be7 10. c4 0-0 11. Qc2 Rc8 12. b3 b5 1/2-1/2

[Event "Oberliga Ost-A 0607"]
[Site "Germany"]
[Date "2006.12.10"]
[Round "4.1"]
[White "Gavrikov, Viktor"]
[Black "Grieger, Thomas"]
[Result "1-0"]
[WhiteElo "2510"]
[BlackElo "2073"]
[PlyCount "79"]
[EventDate "2006.10.15"]
[EventType "team-tourn"]
[EventRounds "11"]
[EventCountry "GER"]
[SourceTitle "EXT 2008"]
[Source "ChessBase"]
[SourceDate "2007.11.25"]
[SourceVersion "1"]
[SourceVersionDate "2007.11.25"]
[SourceQuality "1"]
[WhiteTeam "Plauen Koenig"]
[BlackTeam "Merseburg"]
[WhiteTeamCountry "GER"]
[BlackTeamCountry "GER"]

1. Nf3 Nf6 2. c4 g6 3. g3 Bg7 4. Bg2 0-0 5. d4 d6 6. 0-0 c5 7. d5 Na6 8. Nc3 Nc7 9. a4 e6 10. e4 Rb8 11. h3 exd5 12. cxd5 b5 13. axb5 Nxb5 14. Nxb5 Rxb5 15. Nd2 Re8 16. Qc2 Qe7 17. Nc4 Bf8 18. Bf4 Qc7 19. Bd2 Nd7 20. f4 Nb6 21. Na5 Bd7 22. Bc3 Bg7 23. Rfc1 f5 24. Bxg7 Kxg7 25. exf5 Bxf5 26. Qc3+ Kg8 27. Nc6 Nc8 28. Re1 Rxe1+ 29. Rxe1 Qf7 30. Nd8 Qf8 31. Ne6 Bxe6 32. Rxe6 Rb7 33. h4 Re7 34. Bh3 Qg7 35. Rf6 Re8 36. Be6+ Kh8 37. Rf7 Qxc3 38. bxc3 a5 39. Rb7 Rd8 40. Rb8 1-0

[Event "SUI-chT"]
[Site "Switzerland"]
[Date "2006.09.02"]
[Round "6.1"]
[White "Glek, Igor Vladimirovich"]
[Black "Gavrikov, Viktor"]
[Result "1/2-1/2"]
[WhiteElo "2537"]
[BlackElo "2559"]
[PlyCount "105"]
[EventDate "2006.02.26"]
[EventType "team-tourn"]
[EventRounds "9"]
[EventCountry "SUI"]
[SourceTitle "EXT 2007"]
[Source "ChessBase"]
[SourceDate "2006.11.23"]
[SourceVersion "1"]
[SourceVersionDate "2006.11.23"]
[SourceQuality "1"]
[WhiteTeam "Mendrisio"]
[BlackTeam "Bodan"]
[WhiteTeamCountry "SUI"]
[BlackTeamCountry "SUI"]

1. e4 c5 2. Nf3 d6 3. Bb5+ Bd7 4. Bxd7+ Nxd7 5. 0-0 e6 6. Qe2 Be7 7. d3 Ngf6 8. Ng5 0-0 9. f4 Ne8 10. Nc3 Nc7 11. a4 a6 12. Bd2 b5 13. axb5 axb5 14. Rxa8 Qxa8 15. e5 b4 16. exd6 Bxd6 17. Nce4 Qd5 18. c4 bxc3 19. bxc3 f6 20. c4 Qc6 21. Nxd6 Qxd6 22. Ne4 Qb6 23. Ra1 Ra8 24. Rxa8+ Nxa8 25. h3 Nc7 26. Kh2 Ne8 27. Be3 Nd6 28. Qh5 g6 29. Qd1 Nxe4 30. dxe4 Qc6 31. Bf2 Kf7 32. Bg3 Nb6 33. Qb3 Nd7 34. Qd3 f5 35. e5 Ke8 36. Qa3 h6 37. Qa5 Qb6 38. Qa8+ Qb8 39. Qc6 Qb6 40. Qc8+ Qd8 41. Qb7 Qb6 42. Qf3 Qa6 43. Qd3 Qc6 44. Qa3 Qb7 45. Bh4 Qe4 46. Qa6 Kf7 47. Bg3 Qd4 48. Qc8 Nf8 49. Qb7+ Kg8 50. Qb3 Nd7 51. Qb7 Nf8 52. Qb3 Nd7 53. Qb7 1/2-1/2

[Event "Oberliga Ost-A 0506"]
[Site "Germany"]
[Date "2006.01.29"]
[Round "7.1"]
[White "Gavrikov, Viktor"]
[Black "Malich, Burkhard"]
[Result "1/2-1/2"]
[WhiteElo "2500"]
[BlackElo "2371"]
[PlyCount "120"]
[EventDate "2005.11.13"]
[EventType "team-tourn"]
[EventRounds "11"]
[EventCountry "GER"]
[SourceTitle "EXT 2007"]
[Source "ChessBase"]
[SourceDate "2006.11.23"]
[SourceVersion "1"]
[SourceVersionDate "2006.11.23"]
[SourceQuality "1"]
[WhiteTeam "Koenig Plauen"]
[BlackTeam "Naumburg"]
[WhiteTeamCountry "GER"]
[BlackTeamCountry "GER"]

1. c4 c6 2. e4 d5 3. exd5 cxd5 4. cxd5 Nf6 5. Nc3 Nxd5 6. Nf3 e6 7. d4 Be7 8. Bd3 0-0 9. 0-0 Nf6 10. Ne5 Nc6 11. Nxc6 bxc6 12. Be3 Bd7 13. Qc2 h6 14. Rac1 Qb8 15. h3 Rd8 16. Qd2 Bf8 17. Bf4 Qb7 18. Be5 Be8 19. Qe2 a5 20. Rfd1 Ra7 21. Bb1 Qe7 22. Na4 Nd5 23. a3 g6 24. Nc5 Bg7 25. Ba2 Kh7 26. Rc2 Qg5 27. Ne4 Qe7 28. Qe1 Nf6 29. Nc5 Nd5 30. Re2 Bxe5 31. Rxe5 Nc7 32. Qe3 Nd5 33. Qc1 Nc7 34. Rd3 Qh4 35. Re4 Qg5 36. Qe1 Rb8 37. h4 Qd8 38. Rd2 Nd5 39. g3 Qf6 40. Re5 Qd8 41. Bb1 Kg8 42. Qc1 Nf6 43. Qc3 Ng4 44. Ree2 Nf6 45. Qf3 Nd5 46. Qd3 Nf6 47. Qe3 h5 48. Qf3 Nd5 49. Re5 Qf6 50. Qd3 Rd8 51. Ba2 Nc7 52. Qe3 Nd5 53. Qe2 Qg7 54. Qf3 Re7 55. Qb3 Nc7 56. Qe3 Nd5 57. Qe2 Ra7 58. Bb1 Nc7 59. Ba2 Nd5 60. Rd1 Bd7 1/2-1/2

[Event "Oberliga Ost-A 0506"]
[Site "Germany"]
[Date "2005.11.13"]
[Round "1.1"]
[White "Degtiarev, Evgeny"]
[Black "Gavrikov, Viktor"]
[Result "0-1"]
[WhiteElo "2372"]
[BlackElo "2500"]
[PlyCount "44"]
[EventDate "2005.11.13"]
[EventType "team-tourn"]
[EventRounds "11"]
[EventCountry "GER"]
[SourceTitle "EXT 2007"]
[Source "ChessBase"]
[SourceDate "2006.11.23"]
[SourceVersion "1"]
[SourceVersionDate "2006.11.23"]
[SourceQuality "1"]
[WhiteTeam "Magdeburg Aufbau Elbe"]
[BlackTeam "Koenig Plauen"]
[WhiteTeamCountry "GER"]
[BlackTeamCountry "GER"]

1. d4 Nf6 2. c4 e6 3. Nc3 Bb4 4. e3 b6 5. f3 0-0 6. e4 Ba6 7. Bd2 Nh5 8. Nh3 f5 9. e5 Qh4+ 10. g3 Qxd4 11. Qe2 d5 12. exd6 Qxd6 13. Bg2 Nc6 14. f4 Nd4 15. Qxh5 Nc2+ 16. Kd1 Rad8 17. Nd5 Bxc4 18. Kxc2 Bxd2 19. Rhd1 Bxd5 20. Rxd2 Qc6+ 21. Kd1 Bxg2 22. Ng5 h6 0-1

[Event "SUI-chT"]
[Site "Switzerland"]
[Date "2005.05.22"]
[Round "4.1"]
[White "Gavrikov, Viktor"]
[Black "Filipovic, Branko"]
[Result "1/2-1/2"]
[WhiteElo "2562"]
[BlackElo "2428"]
[PlyCount "35"]
[EventDate "2005.02.27"]
[EventType "team-tourn"]
[EventRounds "9"]
[EventCountry "SUI"]
[SourceTitle "EXT 2006"]
[Source "ChessBase"]
[SourceDate "2005.11.24"]
[SourceVersion "1"]
[SourceVersionDate "2005.11.24"]
[SourceQuality "1"]
[WhiteTeam "Lugano"]
[BlackTeam "Basel"]
[WhiteTeamCountry "SUI"]
[BlackTeamCountry "SUI"]

1. d4 b6 2. e4 Bb7 3. Bd3 e6 4. Nf3 c5 5. 0-0 cxd4 6. Nxd4 Ne7 7. Be3 Nbc6 8. Nd2 Nxd4 9. Bxd4 Nc6 10. Bc3 Bb4 11. Bxb4 Nxb4 12. Be2 0-0 13. c3 Nc6 14. f4 Ne7 15. Qe1 f5 16. Bf3 Qc7 17. e5 b5 18. Bxb7 1/2-1/2

[Event "BL2-Ost 0405"]
[Site "Germany"]
[Date "2005.04.10"]
[Round "9.1"]
[White "Gavrikov, Viktor"]
[Black "Markos, Jan"]
[Result "0-1"]
[WhiteElo "2552"]
[BlackElo "2454"]
[PlyCount "106"]
[EventDate "2004.10.24"]
[EventType "team-tourn"]
[EventRounds "9"]
[EventCountry "GER"]
[SourceTitle "EXT 2007"]
[Source "ChessBase"]
[SourceDate "2006.11.23"]
[SourceVersion "1"]
[SourceVersionDate "2006.11.23"]
[SourceQuality "1"]
[WhiteTeam "Koenig Plauen"]
[BlackTeam "Bindlach"]
[WhiteTeamCountry "GER"]
[BlackTeamCountry "GER"]

1. e4 c5 2. Nf3 Nc6 3. Bb5 d6 4. 0-0 Bd7 5. Re1 Nf6 6. c3 a6 7. Bf1 Bg4 8. d3 e6 9. h3 Bh5 10. Nbd2 Nd7 11. g4 Bg6 12. d4 cxd4 13. cxd4 e5 14. d5 Ncb8 15. Nb1 Be7 16. Nc3 0-0 17. Bd2 Nf6 18. Nh4 Nbd7 19. Rc1 Rc8 20. a4 a5 21. Nf5 Nc5 22. Nxe7+ Qxe7 23. f3 h5 24. Bg5 hxg4 25. hxg4 Qd7 26. Bxf6 gxf6 27. Re2 Kg7 28. Rh2 Rh8 29. Rxh8 Rxh8 30. Bg2 Qd8 31. Nb5 Qb6 32. Kf1 Rh2 33. Rc4 Kf8 34. Qc2 Ke7 35. Rc3 Rh8 36. b3 Na6 37. Qc1 Nc5 38. Qe3 Rh2 39. Kg1 Rh8 40. Bf1 Rd8 41. Bh3 Rg8 42. Kf1 Rh8 43. Bg2 Rh2 44. Qg1 Rh8 45. Ke2 Rc8 46. Qf2 Qa6 47. Ke1 Qb6 48. Bh3 Nd3+ 49. Rxd3 Rc1+ 50. Kd2 Qxf2+ 51. Kxc1 Qh2 52. Bf1 Qh1 53. Rd1 Qxf3 0-1

[Event "BL2-Ost 0405"]
[Site "Germany"]
[Date "2005.03.13"]
[Round "8.1"]
[White "Feige, Manuel"]
[Black "Gavrikov, Viktor"]
[Result "1/2-1/2"]
[WhiteElo "2369"]
[BlackElo "2552"]
[PlyCount "36"]
[EventDate "2004.10.24"]
[EventType "team-tourn"]
[EventRounds "9"]
[EventCountry "GER"]
[SourceTitle "EXT 2007"]
[Source "ChessBase"]
[SourceDate "2006.11.23"]
[SourceVersion "1"]
[SourceVersionDate "2006.11.23"]
[SourceQuality "1"]
[WhiteTeam "Chemnitz"]
[BlackTeam "Koenig Plauen"]
[WhiteTeamCountry "GER"]
[BlackTeamCountry "GER"]

1. d4 Nf6 2. c4 e6 3. Nc3 Bb4 4. e3 0-0 5. Bd3 d5 6. Nf3 c5 7. 0-0 Nc6 8. a3 Bxc3 9. bxc3 Qc7 10. cxd5 exd5 11. Nh4 Ne7 12. g3 Bh3 13. Re1 Ng6 14. Nxg6 hxg6 15. f3 cxd4 16. cxd4 Bf5 17. Bf1 Rac8 18. Bd2 Qd7 1/2-1/2

[Event "BL2-Ost 0405"]
[Site "Germany"]
[Date "2004.12.12"]
[Round "4.1"]
[White "Vavra, Pavel"]
[Black "Gavrikov, Viktor"]
[Result "1-0"]
[WhiteElo "2392"]
[BlackElo "2552"]
[PlyCount "87"]
[EventDate "2004.10.24"]
[EventType "team-tourn"]
[EventRounds "9"]
[EventCountry "GER"]
[SourceTitle "EXT 2007"]
[Source "ChessBase"]
[SourceDate "2006.11.23"]
[SourceVersion "1"]
[SourceVersionDate "2006.11.23"]
[SourceQuality "1"]
[WhiteTeam "Wuerzburg"]
[BlackTeam "Koenig Plauen"]
[WhiteTeamCountry "GER"]
[BlackTeamCountry "GER"]

1. e4 c5 2. Nf3 d6 3. d4 Nf6 4. Nc3 cxd4 5. Nxd4 a6 6. Bc4 e6 7. Bb3 Nbd7 8. f4 Nc5 9. e5 dxe5 10. fxe5 Nfd7 11. Bf4 b5 12. Qe2 Bb7 13. 0-0-0 Qa5 14. Rhf1 b4 15. Nd5 Bxd5 16. Bxd5 exd5 17. e6 Nf6 18. exf7+ Kd7 19. Qe5 Qb6 20. Qf5+ Kd8 21. Rfe1 Bd6 22. Bxd6 Qxd6 23. Ne6+ Nxe6 24. Rxe6 Qc5 25. Rxf6 gxf6 26. Rxd5+ Qxd5 27. Qxd5+ Ke7 28. f8Q+ Rhxf8 29. Qe4+ Kd6 30. Qxb4+ Kc6 31. Qe4+ Kb6 32. Qxh7 Rac8 33. b3 Rc6 34. a4 Re8 35. Kb2 a5 36. h4 Re5 37. Qd3 Kc7 38. g4 Rd6 39. Qc4+ Rc6 40. Qd3 Rd6 41. Qg6 Kc6 42. h5 Rg5 43. Qe8+ Kc7 44. h6 1-0

[Event "BL2-Ost 0405"]
[Site "Germany"]
[Date "2004.10.24"]
[Round "1.1"]
[White "Prusikin, Michael"]
[Black "Gavrikov, Viktor"]
[Result "1-0"]
[WhiteElo "2517"]
[BlackElo "2552"]
[PlyCount "51"]
[EventDate "2004.10.24"]
[EventType "team-tourn"]
[EventRounds "9"]
[EventCountry "GER"]
[SourceTitle "EXT 2015"]
[Source "ChessBase"]
[SourceDate "2014.11.20"]
[SourceVersion "1"]
[SourceVersionDate "2014.11.20"]
[SourceQuality "1"]
[WhiteTeam "Forchheim"]
[BlackTeam "Koenig Plauen"]
[WhiteTeamCountry "GER"]
[BlackTeamCountry "GER"]

1. d4 Nf6 2. Nf3 e6 3. e3 b6 4. Bd3 Bb7 5. 0-0 d5 6. b3 Bd6 7. Bb2 0-0 8. Nbd2 Ne4 9. c4 Nd7 10. Qc2 f5 11. cxd5 exd5 12. Ne5 Qe7 13. f4 Ndf6 14. Ndf3 c5 15. Qe2 Rac8 16. Rac1 Rc7 17. Rc2 Qe6 18. Rfc1 Rfc8 19. Qe1 Qe7 20. h3 Qe6 21. dxc5 bxc5 22. b4 Qe7 23. bxc5 Rxc5 24. Rxc5 Bxc5 25. Bd4 g6 26. Qa5 1-0

[Event "Excelsior Cup"]
[Site "Gothenburg"]
[Date "2004.01.15"]
[Round "8"]
[White "Meijers, Viesturs"]
[Black "Gavrikov, Viktor"]
[Result "1/2-1/2"]
[WhiteElo "2499"]
[BlackElo "2565"]
[PlyCount "30"]
[EventDate "2004.01.06"]
[EventType "tourn"]
[EventRounds "9"]
[EventCountry "SWE"]
[EventCategory "9"]
[SourceTitle "CBM 099"]
[Source "ChessBase"]
[SourceDate "2004.03.30"]
[SourceVersion "1"]
[SourceVersionDate "2004.03.30"]
[SourceQuality "1"]

1. e4 c5 2. c3 Nf6 3. e5 Nd5 4. d4 cxd4 5. Nf3 Nc6 6. cxd4 d6 7. Bc4 dxe5 8. dxe5 Ndb4 9. a3 Qxd1+ 10. Kxd1 Na6 11. b4 Bg4 12. Bb2 Nc7 13. Nbd2 e6 14. h3 Bh5 15. Ke2 0-0-0 1/2-1/2

[Event "Excelsior Cup"]
[Site "Gothenburg"]
[Date "2004.01.14"]
[Round "7"]
[White "Gavrikov, Viktor"]
[Black "Johannessen, Leif Erlend"]
[Result "1/2-1/2"]
[WhiteElo "2565"]
[BlackElo "2500"]
[PlyCount "38"]
[EventDate "2004.01.06"]
[EventType "tourn"]
[EventRounds "9"]
[EventCountry "SWE"]
[EventCategory "9"]
[SourceTitle "CBM 099"]
[Source "ChessBase"]
[SourceDate "2004.03.30"]
[SourceVersion "1"]
[SourceVersionDate "2004.03.30"]
[SourceQuality "1"]

1. c4 c6 2. e4 d5 3. exd5 cxd5 4. cxd5 Nf6 5. Nc3 Nxd5 6. Nf3 e6 7. Bc4 Be7 8. 0-0 0-0 9. d4 Nc6 10. Re1 Bf6 11. Ne4 b6 12. a3 Bb7 13. Qd3 Nce7 14. Bd2 Ng6 15. Rad1 Rc8 16. Neg5 Bxg5 17. Bxg5 Qc7 18. Rc1 Ndf4 19. Qe3 Qb8 1/2-1/2

[Event "Excelsior Cup"]
[Site "Gothenburg"]
[Date "2004.01.13"]
[Round "6"]
[White "Hector, Jonny"]
[Black "Gavrikov, Viktor"]
[Result "1/2-1/2"]
[WhiteElo "2518"]
[BlackElo "2565"]
[PlyCount "133"]
[EventDate "2004.01.06"]
[EventType "tourn"]
[EventRounds "9"]
[EventCountry "SWE"]
[EventCategory "9"]
[SourceTitle "CBM 099"]
[Source "ChessBase"]
[SourceDate "2004.03.30"]
[SourceVersion "1"]
[SourceVersionDate "2004.03.30"]
[SourceQuality "1"]

1. e4 c5 2. Nf3 d6 3. d4 cxd4 4. Nxd4 Nf6 5. Nc3 e6 6. g4 h6 7. h4 Be7 8. Rg1 d5 9. exd5 Nxd5 10. Nxd5 Qxd5 11. Be3 a6 12. Qd2 Nd7 13. Bg2 Qc4 14. g5 hxg5 15. hxg5 g6 16. Nb3 Qb4 17. c3 Qd6 18. Qe2 Rb8 19. f4 Qc7 20. Qf2 b6 21. 0-0-0 Bb7 22. Rh1 Rxh1 23. Rxh1 Bxg2 24. Rh8+ Nf8 25. Qxg2 b5 26. Kb1 Rc8 27. Nd2 Qd7 28. Bd4 b4 29. Qe2 bxc3 30. Bxc3 Qb5 31. Qxb5+ axb5 32. Ne4 Kd7 33. a3 Rc4 34. Nf6+ Kc7 35. Be5+ Kb7 36. Ng8 Bc5 37. b4 Be3 38. Nf6 Rc8 39. Ne4 Rc1+ 40. Kb2 Nd7 41. Nd6+ Kb6 42. Nxf7 Rf1 43. Re8 Nxe5 44. Rxe6+ Kc7 45. Re7+ Kb6 46. fxe5 Bc1+ 47. Kc3 Bxa3 48. Re6+ Kc7 49. Rf6 Rg1 50. Rxg6 Rg3+ 51. Kd4 Bxb4 52. Kd5 Rd3+ 53. Ke6 Bc5 54. Rh6 b4 55. g6 Rg3 56. Kd5 b3 57. Rh7 Kb6 58. Rh8 Ka7 59. Nd8 Bb6 60. Nc6+ Kb7 61. Rh7+ Ka6 62. Rh2 Kb5 63. e6 Rd3+ 64. Ke4 Re3+ 65. Kd5 Rd3+ 66. Ke4 Re3+ 67. Kd5 1/2-1/2

[Event "Bayern-chI Bank Hofmann 7th"]
[Site "Bad Wiessee"]
[Date "2003.11.13"]
[Round "6"]
[White "Breder, Dennis"]
[Black "Gavrikov, Viktor"]
[Result "1/2-1/2"]
[WhiteElo "2458"]
[BlackElo "2560"]
[PlyCount "21"]
[EventDate "2003.11.08"]
[EventType "swiss"]
[EventRounds "9"]
[EventCountry "GER"]
[SourceTitle "EXT 2004"]
[Source "ChessBase"]
[SourceDate "2003.11.25"]
[SourceVersion "1"]
[SourceVersionDate "2003.11.25"]
[SourceQuality "1"]

1. e4 c5 2. Nf3 d6 3. Bb5+ Nc6 4. Bxc6+ bxc6 5. 0-0 e5 6. c3 f5 7. exf5 Bxf5 8. d4 cxd4 9. cxd4 e4 10. Qc2 Rc8 11. Bg5 1/2-1/2

[Event "Keres Memorial rapid"]
[Site "Tallinn"]
[Date "2003.01.12"]
[Round "7"]
[White "Gavrikov, Viktor"]
[Black "Kanep, Meelis"]
[Result "1-0"]
[WhiteElo "2570"]
[BlackElo "2445"]
[PlyCount "69"]
[EventDate "2003.01.11"]
[EventType "tourn (rapid)"]
[EventRounds "13"]
[EventCountry "EST"]
[EventCategory "7"]
[SourceTitle "CBM 093"]
[Source "ChessBase"]
[SourceDate "2003.04.01"]
[SourceVersion "1"]
[SourceVersionDate "2003.04.01"]
[SourceQuality "1"]

1. c4 Nf6 2. Nc3 e6 3. d4 c5 4. d5 exd5 5. cxd5 d6 6. e4 g6 7. Nf3 Bg7 8. Be2 0-0 9. 0-0 a6 10. a4 Re8 11. Nd2 Nbd7 12. f4 Rb8 13. Kh1 Qc7 14. Ra2 c4 15. e5 dxe5 16. Nxc4 e4 17. f5 Ra8 18. Bf4 Qd8 19. a5 b6 20. axb6 Nxb6 21. Nd6 Re7 22. Nxc8 Qxc8 23. fxg6 hxg6 24. d6 Re6 25. Qb3 Qc6 26. Rxa6 Rxa6 27. Bxa6 Nfd7 28. Bb5 Qc5 29. Na4 Qd4 30. Rd1 Qf6 31. Nxb6 Nxb6 32. d7 Nxd7 33. Bxd7 Rb6 34. Qe3 Rxb2 35. Qxe4 1-0